[Event "Youth Chess Team Russia-Deaf Poland"]
[Site "Dresden"]
[Date "2018.10.16"]
[Round "2.2"]
[White "Cwiek, Mariusz"]
[Black "Klemke, Kassandra"]
[Result "1-0"]
[TotalPlyCount "77"]
[HashCode "bb23b554"]
[WhiteElo "1974"]
[BlackElo "1640"]
[Annotator "Rnd./Pair./Board: 02.002.02"]
[PlyCount "77"]

1. e4 c5 2. Nc3 Nc6 3. Nge2 d6 4. g3 g6 5. Bg2 Bg7 6. O-O e6 7. d3 Nge7 8. f4 O-O 9. g4 f5 10. gxf5 exf5 11. Ng3 a6 12. Nd5 Rb8 13. c3 b5 14. Be3 Nxd5 15. exd5 Ne7 16. Qd2 a5 17. Rab1 Ba6 18. b3 Qc7 19. c4 b4 20. d4 Rfd8 21. Kh1 Kf8 22. Rbd1 Ng8 23. dxc5 dxc5 24. d6 Qb6 25. Qd5 Rbc8 26. d7 Rc7 27. Qd6+ Qxd6 28. Rxd6 Bb7 29. Bxb7 Rxb7 30. Bxc5 Kf7 31. Rfd1 Nf6 32. Ra6 Rdxd7 33. Rxd7+ Nxd7 34. Bf2 Bh6 35. Be3 Nf6 36. Rxa5 Ng4 37. Bd2 Nf2+ 38. Kg2 Nd3 39. Kf3 1-0

[Event "Youth Chess Team Russia-Deaf Poland"]
[Site "Dresden"]
[Date "2018.10.16"]
[Round "2.3"]
[White "Khayrullin, Danil"]
[Black "Marczukiewicz, Jerzy"]
[Result "1/2-1/2"]
[TotalPlyCount "54"]
[HashCode "7f039fac"]
[WhiteElo "1328"]
[BlackElo "1929"]
[Annotator "Rnd./Pair./Board: 02.002.03"]
[PlyCount "54"]

1. b3 e5 2. Bb2 Nc6 3. Nf3 d6 4. e3 Nf6 5. Be2 g6 6. d3 Bg7 7. Nbd2 O-O 8. O-O a5 9. a3 Qe7 10. h3 Bd7 11. Nh2 Rfe8 12. Ne4 Rad8 13. Bf3 b6 14. Re1 Nxe4 15. dxe4 Ra8 16. Bg4 Nb8 17. Bxd7 Nxd7 18. b4 Ra7 19. Nf3 axb4 20. axb4 Rea8 21. Qd3 Nf6 22. Nd2 Qe8 23. Rxa7 Rxa7 24. Ra1 Rxa1+ 25. Bxa1 Qa4 26. Bc3 Qc6 27. Bb2 b5 1/2-1/2

[Event "Youth Chess Team Russia-Deaf Poland"]
[Site "Dresden"]
[Date "2018.10.16"]
[Round "2.4"]
[White "Szalko, Maciej"]
[Black "Sergeeva, Anna"]
[Result "1-0"]
[TotalPlyCount "59"]
[HashCode "6494fd2c"]
[WhiteElo "1868"]
[BlackElo "1469"]
[Annotator "Rnd./Pair./Board: 02.002.04"]
[PlyCount "59"]

1. d4 d5 2. c4 Nf6 3. Nf3 Bf5 4. g3 e6 5. Bg2 Nc6 6. O-O Be7 7. Nc3 O-O 8. b3 dxc4 9. bxc4 Nb4 10. Nh4 c6 11. e4 Bg6 12. Rb1 Qa5 13. Qd2 e5 14. a3 Na6 15. Nxg6 hxg6 16. Nd5 Qd8 17. dxe5 Nxd5 18. exd5 cxd5 19. cxd5 Rb8 20. d6 Bg5 21. Qxg5 Qxg5 22. Bxg5 Nc5 23. Be3 b6 24. Bxc5 bxc5 25. Rxb8 Rxb8 26. Rc1 Rc8 27. d7 Rd8 28. Rxc5 Kf8 29. Rc8 Rxc8 30. dxc8=Q+ 1-0

[Event "Russia Deaf-Deutschland Jugend"]
[Site "Dresden"]
[Date "2018.10.16"]
[Round "2.1"]
[White "Skorobogatykh, Andrey"]
[Black "Koll, Lukas"]
[Result "1/2-1/2"]
[TotalPlyCount "103"]
[HashCode "af0017ba"]
[WhiteElo "2160"]
[BlackElo "1985"]
[Annotator "Rnd./Pair./Board: 02.003.01"]
[PlyCount "103"]

1. e4 c6 2. d4 d5 3. exd5 cxd5 4. Bd3 Nc6 5. c3 Qc7 6. h3 g6 7. Nf3 Bf5 8. Bxf5 gxf5 9. g3 e6 10. Bf4 Bd6 11. Bxd6 Qxd6 12. Nbd2 Nf6 13. Qa4 Ne4 14. Ne5 Nxd2 15. Kxd2 a6 16. Nxc6 Qxc6 17. Qxc6+ bxc6 { Remisangebot } 18. g4 fxg4 19. hxg4 Ke7 20. Rh6 Rag8 21. f3 Rg6 22. Rah1 Rxh6 23. Rxh6 Kf8 24. Ke3 Kg7 25. g5 Rb8 26. b3 Rb5 27. f4 c5 28. f5 cxd4+ 29. cxd4 Rb6 30. f6+ Kg8 31. Kf4 Rc6 32. Rh2 Rc1 33. Ke5 Rg1 34. Rc2 Rxg5+ 35. Kd6 h5 36. Ke7 h4 37. Rc8+ Kh7 38. Kxf7 h3 39. Rc2 Rg3 40. Rf2 Rc3 41. Ke7 Rc7+ 42. Kxe6 Kg8 43. f7+ Kf8 44. Rh2 Rc6+ 45. Kxd5 Rh6 46. b4 Kxf7 47. a4 Ke7 48. b5 axb5 49. axb5 Kd7 50. Kc5 Kc7 51. d5 Rh5 52. b6+ 1/2-1/2

[Event "Russia Deaf-Deutschland Jugend"]
[Site "Dresden"]
[Date "2018.10.16"]
[Round "2.2"]
[White "Koll, Linus"]
[Black "Kononov, Viktor V."]
[Result "1-0"]
[TotalPlyCount "93"]
[HashCode "352aa9f0"]
[WhiteElo "1976"]
[BlackElo "2030"]
[Annotator "Rnd./Pair./Board: 02.003.02"]
[PlyCount "93"]

1. e4 d6 2. d4 Nf6 3. Nc3 g6 4. f4 Bg7 5. Nf3 c6 6. Be2 Bg4 7. Be3 Qa5 8. Qd2 b5 9. e5 Nfd7 10. h3 Be6 11. Ng5 Na6 12. Nxe6 fxe6 13. Ne4 Qxd2+ 14. Kxd2 d5 15. Ng5 Nf8 16. a4 Nc7 17. axb5 cxb5 18. Ra5 a6 19. b3 Bh6 20. Nf3 Nd7 21. Rha1 Nb8 22. Bxb5+ Kd8 23. Bd3 Rf8 24. g3 Nc6 25. R5a4 a5 26. h4 Rb8 27. Ke2 Nb5 28. Bxb5 Rxb5 29. Bd2 Kd7 30. Bxa5 Rc8 31. Bd2 Nd8 32. Kd3 Bg7 33. Ra7+ Ke8 34. Ra8 Rbb8 35. Rxb8 Rxb8 36. Ra6 h6 37. Ba5 Nb7 38. b4 Kd7 39. Bb6 Bf8 40. Nd2 g5 41. hxg5 hxg5 42. fxg5 Bg7 43. Nb3 Ke8 44. b5 Kf7 45. Bc7 Rh8 46. Ra7 Nd8 47. Ra8 1-0

[Event "Russia Deaf-Deutschland Jugend"]
[Site "Dresden"]
[Date "2018.10.16"]
[Round "2.3"]
[White "Pogoskin, Roman"]
[Black "Tran, Minh Dat"]
[Result "1-0"]
[TotalPlyCount "41"]
[HashCode "5411bf75"]
[WhiteElo "2019"]
[BlackElo "1456"]
[Annotator "Rnd./Pair./Board: 02.003.03"]
[PlyCount "41"]

1. e4 g6 2. d4 Bg7 3. Nc3 c6 4. Be3 d5 5. e5 h5 6. Bd3 Nh6 7. Nf3 Bg4 8. h3 Bxf3 9. Qxf3 e6 10. g4 hxg4 11. hxg4 Nd7 12. O-O-O Qc7 13. Rh3 Ng8 14. Rxh8 Bxh8 15. Qh3 O-O-O 16. Qxh8 Nb6 17. Bg5 Re8 18. Rh1 Nc4 19. Qg7 b5 20. Rh8 a6 21. Rxg8 1-0

[Event "Russia Deaf-Deutschland Jugend"]
[Site "Dresden"]
[Date "2018.10.16"]
[Round "2.4"]
[White "Tran, Duc Huy"]
[Black "Petrov, Alexey"]
[Result "0-1"]
[TotalPlyCount "90"]
[HashCode "02a836fd"]
[WhiteElo "1456"]
[BlackElo "1970"]
[Annotator "Rnd./Pair./Board: 02.003.04"]
[PlyCount "90"]

1. c4 Nf6 2. g3 c5 3. Nc3 Nc6 4. Bg2 g6 5. d3 Bg7 6. e4 d6 7. Nge2 O-O 8. O-O Bd7 9. a3 Qc8 10. Bg5 h6 11. Bxf6 Bxf6 12. Nd5 Bxb2 13. Rb1 Bg7 14. a4 e6 15. Ndc3 a6 16. Qd2 Qc7 17. e5 dxe5 18. Ne4 Nd4 19. Rxb7 Qd8 20. Nxc5 Bc6 21. Bxc6 Nxc6 22. Qe3 Qa5 23. f4 exf4 24. Rxf4 Bd4 25. Nxd4 Qxc5 26. Rc7 Rac8 27. Rxc8 Rxc8 28. Re4 Nxd4 29. Rxd4 e5 30. Rd8+ Kg7 31. Qxc5 Rxc5 32. Re8 Kf6 33. Kf2 Ra5 34. Rd8 Rxa4 35. Ke3 Ra2 36. c5 Rc2 37. Rd6+ Ke7 38. d4 exd4+ 39. Kxd4 Rd2+ 40. Ke5 f6+ 41. Kf4 Rxd6 42. cxd6+ Kxd6 43. h4 h5 44. g4 hxg4 45. Kxg4 a5 0-1

[Event "Russia Women Deaf-DGSV 1920 e.V."]
[Site "Dresden"]
[Date "2018.10.16"]
[Round "2.1"]
[White "Turkeeva, Yulia"]
[Black "Gruender, Michael"]
[Result "1-0"]
[TotalPlyCount "51"]
[HashCode "e1a4c230"]
[WhiteElo "2028"]
[BlackElo "1941"]
[Annotator "Rnd./Pair./Board: 02.004.01"]
[PlyCount "51"]

1. e4 e6 2. d4 d5 3. exd5 exd5 4. Nf3 Bd6 5. Bd3 Nc6 6. c3 Bg4 7. O-O Qd7 8. Re1+ Nge7 9. Bg5 f6 10. Bh4 g5 11. Bg3 O-O-O 12. Nbd2 h5 13. Qc2 Bf5 14. Bxd6 Bxd3 15. Qxd3 Qxd6 16. Nb3 Rde8 17. Nc5 Nd8 18. Re2 b6 19. Re6 Qxe6 20. Nxe6 Nxe6 21. g3 h4 22. a4 c6 23. b4 g4 24. Re1 Ng5 25. Nxg5 fxg5 26. Qe2 1-0

[Event "Russia Women Deaf-DGSV 1920 e.V."]
[Site "Dresden"]
[Date "2018.10.16"]
[Round "2.2"]
[White "Hoffmann, Rainer"]
[Black "Gerasimova, Olga"]
[Result "1-0"]
[TotalPlyCount "81"]
[HashCode "5951480e"]
[WhiteElo "1917"]
[BlackElo "2010"]
[Annotator "Rnd./Pair./Board: 02.004.02"]
[PlyCount "81"]

1. c4 Nf6 2. Nc3 d5 3. cxd5 Nxd5 4. g3 g6 5. Bg2 Nb6 6. Nf3 Bg7 7. d3 N8d7 8. O-O O-O 9. Bd2 h6 10. Rc1 c6 11. Rc2 Kh7 12. Qb1 Nf6 13. Rd1 Be6 14. Bf4 Nfd5 15. Nxd5 Nxd5 16. Bd2 a5 17. a3 Nb6 18. b3 Qd6 19. Bc1 Nd5 20. Bb2 Nf6 21. Nd4 Bd7 22. h3 Nd5 23. Qa1 e5 24. Nf3 Rfe8 25. Nd2 f5 26. Nc4 Qe6 27. e4 Nc7 28. exf5 gxf5 29. Re2 b5 30. Nb6 Rad8 31. Rde1 c5 32. Nxd7 Qxd7 33. Bxe5 Bxe5 34. Rxe5 Rxe5 35. Rxe5 Re8 36. Rxc5 Qd6 37. Rc6 Qd7 38. Qc1 Re7 39. Qxh6+ Kg8 40. Rd6 Qe8 41. Rg6+ 1-0

[Event "Russia Women Deaf-DGSV 1920 e.V."]
[Site "Dresden"]
[Date "2018.10.16"]
[Round "2.3"]
[White "Kudriavtseva, Natalia"]
[Black "Krause, Stefan"]
[Result "1-0"]
[TotalPlyCount "53"]
[HashCode "a369f604"]
[WhiteElo "1975"]
[BlackElo "1944"]
[Annotator "Rnd./Pair./Board: 02.004.03"]
[PlyCount "53"]

1. e4 c5 2. Nf3 Nc6 3. d4 cxd4 4. Nxd4 g6 5. g3 Bg7 6. c3 d6 7. Be3 Bd7 8. Bg2 Nf6 9. O-O Ng4 10. Nc2 O-O 11. Nd2 Nxe3 12. Nxe3 b5 13. Nb3 Rb8 14. Qd5 a5 15. Qd2 Ne5 16. Rfd1 Bh6 17. Qe2 b4 18. cxb4 Rxb4 19. Nd5 Rb8 20. h3 Bb5 21. Qc2 Rc8 22. Qxc8 Qxc8 23. Nxe7+ Kh8 24. Nxc8 Rxc8 25. Rxd6 a4 26. Rd5 axb3 27. Rxb5 1-0

[Event "Russia Women Deaf-DGSV 1920 e.V."]
[Site "Dresden"]
[Date "2018.10.16"]
[Round "2.4"]
[White "Usbeck, Karl-Heinz"]
[Black "Kireeva, Ljubov"]
[Result "1/2-1/2"]
[TotalPlyCount "43"]
[HashCode "fa4e2b3f"]
[WhiteElo "1638"]
[BlackElo "1920"]
[Annotator "Rnd./Pair./Board: 02.004.04"]
[PlyCount "43"]

1. e4 Nf6 2. e5 Nd5 3. c4 Nb6 4. d4 d5 5. c5 N6d7 6. Nc3 e6 7. Nf3 b6 8. cxb6 axb6 9. Bb5 c6 10. Bd3 Ba6 11. O-O Be7 12. Re1 c5 13. Bxa6 Rxa6 14. Qd3 Ra5 15. a4 Nc6 16. Nb5 O-O 17. Bd2 c4 18. Qc2 Ra6 19. b3 Na5 20. Bxa5 cxb3 21. Qxb3 bxa5 22. Rec1 1/2-1/2

[Event "Deaf Poland-Niedersachsen"]
[Site "Dresden"]
[Date "2018.10.17"]
[Round "3.1"]
[White "Strzelecki, Jerzy"]
[Black "Drewes, Marco"]
[Result "1/2-1/2"]
[TotalPlyCount "83"]
[HashCode "0801867a"]
[WhiteElo "2011"]
[BlackElo "2009"]
[Annotator "Rnd./Pair./Board: 03.001.01"]
[PlyCount "83"]

1. Nf3 c5 2. c4 Nc6 3. d4 cxd4 4. Nxd4 d6 5. Nc3 g6 6. e4 Bg7 7. Be3 Nf6 8. Be2 O-O 9. O-O Bd7 10. Qd2 Nxd4 11. Bxd4 Bc6 12. f3 a5 13. Rfd1 Nd7 14. Be3 a4 15. Rac1 Qa5 16. Nd5 Qd8 17. Rc2 Nc5 18. Qc1 b6 19. Kh1 Re8 20. Bf1 Rf8 21. Re1 Re8 22. Rd2 Qb8 23. Qd1 Nd7 24. Nb4 Qb7 25. Qe2 a3 26. Bd4 axb2 27. Bxg7 Kxg7 28. Rxb2 f6 29. Qf2 Reb8 30. Nd5 e5 31. Reb1 Bxd5 32. cxd5 Nc5 33. h3 Qa7 34. Kh2 Qa5 35. Kh1 Qa7 36. Kh2 Qc7 37. Rc2 Ra5 38. Rcb2 Qa7 39. Rc2 Qc7 40. Kh1 Qa7 41. Rcb2 Qc7 42. Kh2 1/2-1/2

[Event "Deaf Poland-Niedersachsen"]
[Site "Dresden"]
[Date "2018.10.17"]
[Round "3.2"]
[White "Hagemann, Sven"]
[Black "Cwiek, Mariusz"]
[Result "0-1"]
[TotalPlyCount "181"]
[HashCode "78aa2891"]
[WhiteElo "2008"]
[BlackElo "1974"]
[Annotator "Rnd./Pair./Board: 03.001.02"]
[PlyCount "156"]

1. e4 c5 2. Nc3 Nc6 3. f4 g6 4. Nf3 Bg7 5. Bb5 Nd4 6. O-O a6 7. Bc4 $6 (7. Bd3 e6 8. Ne2 Nxe2+ 9. Qxe2 Ne7 10. c3 O-O 11. Bc2 d5 $11) 7... b5 8. Bd5 Rb8 9. d3 e6 10. Bb3 Nxb3 11. axb3 Ne7 12. Qe1 O-O 13. Qf2 Qc7 14. Qh4 d5 15. f5 gxf5 16. Ng5 $2 (16. exd5 Ng6 17. Qh5 b4 18. Ne2 exd5 19. Nh4 $11) 16... h6 17. Nh3 Ng6 18. Qh5 dxe4 19. Bxh6 exd3 20. cxd3 Qe5 (20... Bb7 21. Nf4 Nxf4 22. Bxf4 e5 $19) 21. Rae1 Qd4+ 22. Be3 Qh4 23. Qxh4 Nxh4 24. Bxc5 Rd8 25. Be7 Rd4 26. Ne2 Rg4 (26... Ng6 27. Bg5 Rxd3) 27. Nhf4 Bb7 28. h3 Rxg2+ 29. Nxg2 Nxg2 30. Rc1 Ne3 31. Rfe1 Bxb2 32. Rb1 Bg7 33. Kf2 Nd5 34. Bc5 Bf6 35. Rg1+ Kh7 36. Kf1 Rg8 37. Rxg8 Kxg8 38. Rc1 Bg5 39. Rb1 e5 40. Kf2 Bh4+ 41. Kf1 Kg7 42. Bf2 Bg5 43. Re1 Kf6 44. Bc5 f4 45. Ng1 Bh4 46. Re2 Kf5 47. Rxe5+ Kxe5 48. Nf3+ Kf5 49. Nxh4+ Kg5 50. Nf3+ Kh5 51. Kf2 a5 52. Nd4 Nc3 53. Be7 Bd5 54. Bd8 a4 55. bxa4 bxa4 56. Ne2 Nxe2 57. Kxe2 a3 58. Bf6 Kg6 59. Bc3 Bg2 60. h4 Kf5 61. Kf2 Bd5 62. Bd4 a2 63. Bc3 Bb3 64. Kf3 Bd1+ 65. Kf2 Ke6 66. Ke1 Bg4 67. Kd2 Kd5 68. Ba1 f5 69. Ke1 Bh5 70. Kd2 Kd6 71. Ke1 f3 72. Kf2 f4 73. Bc3 Ke6 74. Ba1 Kf5 75. d4 Ke4 76. Bc3 Bf7 77. Ba1 Bd5 78. h5 Kf5 0-1

[Event "Deaf Poland-Niedersachsen"]
[Site "Dresden"]
[Date "2018.10.17"]
[Round "3.3"]
[White "Marczukiewicz, Jerzy"]
[Black "Ritter, Uwe"]
[Result "1-0"]
[TotalPlyCount "81"]
[HashCode "eaaaba4e"]
[WhiteElo "1929"]
[BlackElo "2021"]
[Annotator "Mika Hassemeier, Gengchun Wong"]
[PlyCount "81"]

1. Nf3 c5 2. c4 Nf6 3. g3 d5 4. Bg2 Nc6 5. cxd5 Nxd5 6. d4 { Der Zug d4 sorgt gleich für einen schnelleren Ausgleich in der Stellung. } 6... cxd4 7. Nxd4 Ndb4 8. Nxc6 Qxd1+ 9. Kxd1 Nxc6 10. Nc3 Bg4 11. Bxc6+ { Bei Lxc6 muss man ziemlich selbstbewusst sein, da hier genaueres Endspieltechnik benötigt wird. Weiß bekommt zwar ein Angriffspunkts auf c6, muss jedoch gegen das Läuferpaar spielen. In der Stellung muss jeder für sich entscheiden, ob man sich in der Stellung wohlfühlt und so weiterspielen würde. Außerdem darf man nicht vergessen, dass die Stellung recht ausgeglichen ist und Weiß mit Lxc6 versucht etwas zu erreichen. } 11... bxc6 12. f3 Bh3 13. Ke1 e5 14. Be3 Be7 15. Kf2 O-O 16. Na4 Rfd8 17. Rhd1 Rd5 18. Nc3 Rxd1 19. Rxd1 Be6 20. b3 a5 21. Na4 { Man merkt schon, dass der Isolanie auf c6 ziemlich belastend ist, den das Feld c5 ist ziemlich schwach. } 21... f6 22. Bc5 Kf7 23. Rc1 Bd8 24. Bb6 Bxb6+ 25. Nxb6 Rd8 26. Ke1 { Deckt die Grundreihe ab. } 26... Rd6 27. Rc5 g5 28. Rxa5 g4 29. Rc5 gxf3 30. exf3 Ke7 31. Ke2 Bf5 32. Nc4 Bd3+ 33. Ke3 Bxc4 34. Rxc4 Ke6 35. a4 Kd5 36. Rc3 Re6 37. b4 e4 38. Rc5+ Kd6 39. fxe4 Re7 40. Kf4 Rb7 41. Rc4 { Mit zwei Bauern mehr im Turmendspiel denke ich, dass es keine schwere Aufgabe mehr sein mag, als Weißer zu gewinnen. } 1-0

[Event "Deaf Poland-Niedersachsen"]
[Site "Dresden"]
[Date "2018.10.17"]
[Round "3.4"]
[White "Scheffner, Jarno"]
[Black "Szalko, Maciej"]
[Result "0-1"]
[TotalPlyCount "118"]
[HashCode "e9508c48"]
[WhiteElo "1808"]
[BlackElo "1868"]
[Annotator "Rnd./Pair./Board: 03.001.04"]
[PlyCount "118"]

1. e4 Nf6 2. e5 Nd5 3. c4 Nb6 4. d4 d6 5. exd6 cxd6 6. b3 g6 7. Nf3 Nc6 8. Bb2 Bg7 9. Qc2 Bg4 10. d5 Ne5 11. Nxe5 dxe5 12. h3 Bf5 13. Qe2 Bxb1 14. Rxb1 Nd7 15. g3 Qa5+ 16. Qd2 Qxa2 17. Qc2 e4 18. Bg2 Qa5+ 19. Ke2 O-O 20. Bxg7 Kxg7 21. b4 Qc7 22. Qxe4 a5 23. Qd4+ Kg8 24. bxa5 Rxa5 25. d6 Re5+ 26. Kf1 exd6 27. Rxb7 Qa5 28. Bc6 Qc5 29. Qxc5 Nxc5 30. Ra7 Rb8 31. Ra8 Rxa8 32. Bxa8 Nd3 33. Kg2 Re2 34. Kf3 Rxf2+ 35. Ke3 Ra2 36. Kxd3 Rxa8 37. Kd4 Kf8 38. Kd5 Rc8 39. Re1 Rc5+ 40. Kd4 Kg7 41. Re8 Kf6 42. g4 h5 43. Re4 hxg4 44. hxg4 Ra5 45. Kc3 Re5 46. Kd4 Ke6 47. g5 Rxe4+ 48. Kxe4 f5+ 49. gxf6 Kxf6 50. Kd5 Ke7 51. c5 dxc5 52. Kxc5 Ke6 53. Kd4 Kf5 54. Ke3 Kg4 55. Kf2 Kh3 56. Kf1 g5 57. Kg1 g4 58. Kh1 g3 59. Kg1 g2 0-1

[Event "IPCA Russia-Russia Deaf"]
[Site "Dresden"]
[Date "2018.10.17"]
[Round "3.1"]
[White "Obodchuk, Andrei"]
[Black "Skorobogatykh, Andrey"]
[Result "1-0"]
[TotalPlyCount "79"]
[HashCode "9a6c43d4"]
[WhiteElo "2323"]
[BlackElo "2160"]
[Annotator "Rnd./Pair./Board: 03.002.01"]
[PlyCount "79"]

1. e4 c5 2. Nc3 Nc6 3. Bb5 Nd4 4. Bc4 e6 5. Nf3 a6 6. d3 b5 7. Bb3 d6 8. Nxd4 cxd4 9. Ne2 Qb6 10. O-O Nf6 11. c3 dxc3 12. bxc3 Be7 13. a4 Bb7 14. axb5 axb5 15. Be3 Qc7 16. Qd2 O-O 17. Nd4 Qd7 18. h3 Rfc8 19. f4 Ne8 20. Rab1 d5 21. exd5 exd5 22. Bd1 Nd6 23. f5 Bf6 24. Rb3 Ra1 25. Qf2 Rca8 26. Bf4 R1a2 27. Rb2 Bxd4 28. cxd4 Rxb2 29. Qxb2 Nxf5 30. Bg4 g6 31. Be5 Ra6 32. Qd2 f6 33. Bg3 h5 34. Bxf5 gxf5 35. Bh4 Kg7 36. Qe2 Kg6 37. Rf3 Ra1+ 38. Kh2 Qc7+ 39. Rg3+ Kh6 40. Qe8 1-0

[Event "IPCA Russia-Russia Deaf"]
[Site "Dresden"]
[Date "2018.10.17"]
[Round "3.2"]
[White "Smirnov, Andrey"]
[Black "Scerbin, Dmitrij"]
[Result "0-1"]
[TotalPlyCount "90"]
[HashCode "29da8ece"]
[WhiteElo "2095"]
[BlackElo "2264"]
[Annotator "Rnd./Pair./Board: 03.002.02"]
[PlyCount "90"]

1. d4 d5 2. Nf3 Nf6 3. Bg5 Ne4 4. Bc1 c5 5. c3 cxd4 6. cxd4 Qa5+ 7. Nc3 Nxc3 8. Qd2 Nc6 9. bxc3 Bf5 10. e3 e6 11. Bd3 Be4 12. O-O Bd6 13. Ng5 Bxd3 14. Qxd3 h6 15. Nf3 O-O 16. Bd2 Qa4 17. e4 Rfe8 18. exd5 exd5 19. Be3 Na5 20. Qf5 Qc6 21. Rfe1 Nc4 22. Bf4 Bf8 23. Qd3 Rac8 24. Rxe8 Rxe8 25. Re1 Re4 26. Be3 f5 27. g3 Qe8 28. Rb1 b5 29. Nd2 Nxd2 30. Bxd2 a6 31. Kf1 Qh5 32. f3 Re6 33. Kg2 Qe8 34. Kf2 g6 35. Re1 Rxe1 36. Bxe1 Kf7 37. Bd2 Qc6 38. Ke2 a5 39. Kf2 Qc4 40. Ke2 Ke6 41. Ke3 Bd6 42. Ke2 h5 43. Qxc4 dxc4 44. Bg5 b4 45. Bd8 b3 0-1

[Event "IPCA Russia-Russia Deaf"]
[Site "Dresden"]
[Date "2018.10.17"]
[Round "3.3"]
[White "Palin, Denis"]
[Black "Pogoskin, Roman"]
[Result "1/2-1/2"]
[TotalPlyCount "36"]
[HashCode "2ca684b6"]
[WhiteElo "2133"]
[BlackElo "2019"]
[Annotator "Rnd./Pair./Board: 03.002.03"]
[PlyCount "36"]

1. d4 d5 2. Nf3 Nf6 3. e3 e6 4. Bd3 c5 5. b3 Nc6 6. Bb2 Be7 7. a3 O-O 8. Nbd2 b6 9. O-O Bb7 10. Ne5 Nxe5 11. dxe5 Ne4 12. Nxe4 dxe4 13. Bc4 Qxd1 14. Rfxd1 Rfd8 15. Kf1 Rxd1+ 16. Rxd1 Rd8 17. Rxd8+ Bxd8 18. Ke2 Kf8 1/2-1/2

[Event "IPCA Russia-Russia Deaf"]
[Site "Dresden"]
[Date "2018.10.17"]
[Round "3.4"]
[White "Petrov, Alexey"]
[Black "Lipilin, Ilia"]
[Result "1/2-1/2"]
[TotalPlyCount "139"]
[HashCode "51128ec3"]
[WhiteElo "1970"]
[BlackElo "2070"]
[Annotator "Rnd./Pair./Board: 03.002.04"]
[PlyCount "139"]

1. e4 c5 2. Nc3 Nc6 3. Nf3 e5 4. Bc4 g6 5. d3 Bg7 6. O-O d6 7. Ng5 Nh6 8. h3 O-O 9. Be3 Kh8 10. Qd2 Nd4 11. f4 f6 12. Nf3 Ng8 13. Ne2 Bh6 14. Ne1 Be6 15. Nxd4 Bxc4 16. Ne2 Be6 17. Nf3 Rc8 18. c4 Qd7 19. Kh2 b5 20. b3 Ne7 21. Nc3 b4 22. Nd5 Bxd5 23. cxd5 Ng8 24. fxe5 Bxe3 25. Qxe3 fxe5 26. Ng5 Nf6 27. Ne6 Rf7 28. Rf2 Nh5 29. Raf1 Rxf2 30. Qxf2 Nf4 31. Nxf4 exf4 32. Qxf4 Kg8 33. Qf6 Re8 34. Rf3 a5 35. h4 Qe7 36. Qxe7 Rxe7 37. Rf6 Rd7 38. Kg3 Kg7 39. Re6 Kf7 40. Kf4 Kg7 41. e5 dxe5+ 42. Kxe5 Rf7 43. Ra6 Rf5+ 44. Ke4 Rf2 45. Rxa5 Rxg2 46. Rxc5 Rxa2 47. Rc4 Kf6 48. Rxb4 Re2+ 49. Kd4 h5 50. Rb6+ Kf5 51. Re6 Rb2 52. Kc3 Rb1 53. Re4 g5 54. hxg5 Kxg5 55. d6 Rc1+ 56. Kd4 Rc8 57. d7 Rd8 58. Re7 Kf6 59. Re4 Rxd7+ 60. Kc3 Rh7 61. Rh4 Kg5 62. Rh1 h4 63. b4 Kf4 64. b5 Ke5 65. Kc4 Kd6 66. Ra1 Rh5 67. d4 h3 68. Rh1 Kd7 69. Kd3 Kc7 70. Ke3 1/2-1/2

[Event "Team Hungary-Russia Women Deaf"]
[Site "Dresden"]
[Date "2018.10.17"]
[Round "3.1"]
[White "Rév, Miklós"]
[Black "Turkeeva, Yulia"]
[Result "0-1"]
[TotalPlyCount "104"]
[HashCode "2c75a8ca"]
[WhiteElo "2009"]
[BlackElo "2028"]
[Annotator "Rnd./Pair./Board: 03.003.01"]
[PlyCount "104"]

1. e4 e6 2. d3 d5 3. Nd2 Nf6 4. Ngf3 c5 5. g3 Nc6 6. Bg2 dxe4 7. dxe4 e5 8. O-O Be7 9. Re1 Be6 10. c3 h6 11. Qc2 O-O 12. Nf1 Qc8 13. Ne3 Rd8 14. Nd2 Ng4 15. Nxg4 Bxg4 16. Nc4 Be6 17. Ne3 Bf6 18. Nd5 Be7 19. Be3 Bf8 20. Rad1 Ne7 21. Rd2 Nxd5 22. exd5 Bf5 23. Be4 Bxe4 24. Qxe4 Bd6 25. c4 f5 26. Qh4 Qc7 27. Rde2 Rf8 28. f3 Rae8 29. f4 e4 30. Rf1 Kh7 31. g4 g6 32. gxf5 gxf5 33. Rg2 Rg8 34. Rf2 Qf7 35. Rxg8 Rxg8+ 36. Rg2 Rxg2+ 37. Kxg2 Qg7+ 38. Qg3 Qxb2+ 39. Qf2 Qxf2+ 40. Kxf2 Kg6 41. Kg3 b6 42. a4 Be7 43. h3 Kf7 44. Bd2 Bf6 45. Be1 Ke7 46. Kg2 Kd6 47. Kf1 a6 48. Ke2 b5 49. axb5 axb5 50. cxb5 Kxd5 51. b6 Kc6 52. Ba5 Bd4 0-1

[Event "Team Hungary-Russia Women Deaf"]
[Site "Dresden"]
[Date "2018.10.17"]
[Round "3.2"]
[White "Gerasimova, Olga"]
[Black "Voján, István"]
[Result "0-1"]
[TotalPlyCount "99"]
[HashCode "6c396934"]
[WhiteElo "2010"]
[BlackElo "1913"]
[Annotator "Rnd./Pair./Board: 03.003.02"]
[PlyCount "99"]

1. e4 c5 2. Nf3 d6 3. d4 cxd4 4. Nxd4 Nf6 5. Bd3 Nc6 6. c3 g6 7. h3 Bg7 8. Be3 O-O 9. Qd2 Bd7 10. Nf3 Rc8 11. Bh6 Qa5 12. Bxg7 Kxg7 13. O-O b5 14. Na3 a6 15. Nc2 Qb6 16. Ne3 Be6 17. Rfe1 Rfd8 18. Kh2 Qb8 19. g3 d5 20. e5 Ne4 21. Qe2 Nxe5 22. Nxe5 Qxe5 23. f4 Qc7 24. Nc2 f5 25. a4 g5 26. Rf1 Bd7 27. axb5 axb5 28. Nd4 e5 29. Bxe4 dxe4 30. fxe5 Qxe5 31. Qh5 Qf6 32. Ra7 Kh8 33. Rfa1 Qg6 34. Qe2 Qe8 35. Qe3 Qe5 36. Nf3 Qd5 37. Nd4 f4 38. gxf4 gxf4 39. Qxf4 Rf8 40. Qe3 Qe5+ 41. Kh1 Be8 42. Rg1 Qh5 43. Rg5 Qd1+ 44. Kh2 Qd3 45. Rg3 Qxe3 46. Rxe3 Bg6 47. Kg3 Rb8 48. Nc6 Rb6 49. Ne7 Bf7 50. Ng6+ 0-1